<?xml version="1.0" encoding="UTF-8"?>
<record
    xmlns:xsi="http://www.w3.org/2001/XMLSchema-instance"
    xsi:schemaLocation="http://www.loc.gov/MARC21/slim http://www.loc.gov/standards/marcxml/schema/MARC21slim.xsd"
    xmlns="http://www.loc.gov/MARC21/slim">

  <leader>02440nam a22002177a 4500</leader>
  <datafield tag="999" ind1=" " ind2=" ">
    <subfield code="c">28962</subfield>
    <subfield code="d">28962</subfield>
  </datafield>
  <controlfield tag="003">OSt</controlfield>
  <controlfield tag="005">20260429135446.0</controlfield>
  <controlfield tag="008">260429b           ||||| |||| 00| 0 eng d</controlfield>
  <datafield tag="040" ind1=" " ind2=" ">
    <subfield code="a">BSHUA</subfield>
    <subfield code="b">Shqip</subfield>
  </datafield>
  <datafield tag="050" ind1=" " ind2=" ">
    <subfield code="b">05:7/For.</subfield>
  </datafield>
  <datafield tag="082" ind1=" " ind2=" ">
    <subfield code="b">05:7/For.</subfield>
  </datafield>
  <datafield tag="245" ind1=" " ind2=" ">
    <subfield code="a">FORUM + October 2025, Vol.32 no.2</subfield>
  </datafield>
  <datafield tag="260" ind1=" " ind2=" ">
    <subfield code="a">Antwerpen:</subfield>
    <subfield code="b">Brepols,</subfield>
    <subfield code="c">2025.</subfield>
  </datafield>
  <datafield tag="300" ind1=" " ind2=" ">
    <subfield code="a">80 f.; + katalog</subfield>
    <subfield code="c">30 cm.</subfield>
  </datafield>
  <datafield tag="500" ind1=" " ind2=" ">
    <subfield code="a">Contributors
Brepols
Publisher
Julie De Smedt
Communication adviser
Liese Stuer
Lay-out print issue
Vrints-Kolsteren
Graphic design
Kevin Dendievel
Web developer
Richard Crangle
Copy editor for English-language contributions</subfield>
  </datafield>
  <datafield tag="501" ind1=" " ind2=" ">
    <subfield code="a">In this October issue of FORUM+, we explore how artistic research can shine a light in difficult times and help us imagine new possibilities. The contributions in this edition show how artists and researchers work with uncertainty, stay open to change, and create new ways of understanding through unexpected encounters. Rather than focusing only on individual expression, these pieces highlight the importance of shared experiences and ongoing processes. By embracing exchange, collaboration, and mixing different ideas and practices, artistic research can become a powerful tool for resistance and renewal. We hope this issue of FORUM+ inspires you to (re)imagine the world and its many possibilities.
https://forum-online.be/en/issues/oktober-2025 </subfield>
  </datafield>
  <datafield tag="653" ind1=" " ind2=" ">
    <subfield code="a">Revistat - Revistat nderkombetare - Reviste arti - Kerkimi shkencor - Kerkimi ne arte - Kerkimi artistik - Gjuha angleze - </subfield>
    <subfield code="a">Waiting and the worlds we imagine - Golnesa Rezanezhad Pishkhani - </subfield>
    <subfield code="a">Walking the unmapped. A proposal for reimagining the history of art residencies through cross-cultural methodologies - Pau Cat&#xE0; - </subfield>
    <subfield code="a">Eco-tonality. An ecology with sound in capitalist ruins - Leonardo Barbierato - </subfield>
    <subfield code="a">Moving between artistic research, cultural institutions, and community building - Danae Theodoridou - </subfield>
    <subfield code="a">Research is encounter. The epistemological anchoring of artistic research in the artistic attitude - Anke Coumans - Bibi Straatman - </subfield>
    <subfield code="a">Creativity and collaboration in fashion education. Languages, skills, and methodologies in a collaborative learning approach - Andrea Cammarosano</subfield>
    <subfield code="a">Never too old to make a scene. Theatre with older adults in residential care centres -  Lies Vandeburi - </subfield>
    <subfield code="a">On diversity and singularity in artistic research Falk H&#xFC;bner</subfield>
  </datafield>
  <datafield tag="856" ind1=" " ind2=" ">
    <subfield code="y">Fulltext</subfield>
  </datafield>
  <datafield tag="942" ind1=" " ind2=" ">
    <subfield code="2">udc</subfield>
    <subfield code="c">SER</subfield>
  </datafield>
  <datafield tag="953" ind1=" " ind2=" ">
    <subfield code="a">0</subfield>
  </datafield>
  <datafield tag="952" ind1=" " ind2=" ">
    <subfield code="0">0</subfield>
    <subfield code="1">0</subfield>
    <subfield code="2">udc</subfield>
    <subfield code="4">0</subfield>
    <subfield code="7">0</subfield>
    <subfield code="a">UArtLib2</subfield>
    <subfield code="b">UArtLib2</subfield>
    <subfield code="d">2026-04-29</subfield>
    <subfield code="g">3000.00</subfield>
    <subfield code="o">05:7/For.</subfield>
    <subfield code="p"> 3463 </subfield>
    <subfield code="r">2026-04-29</subfield>
    <subfield code="w">2026-04-29</subfield>
    <subfield code="y">SER</subfield>
  </datafield>
  <datafield tag="952" ind1=" " ind2=" ">
    <subfield code="0">0</subfield>
    <subfield code="1">0</subfield>
    <subfield code="2">udc</subfield>
    <subfield code="4">0</subfield>
    <subfield code="7">0</subfield>
    <subfield code="a">UArtLib2</subfield>
    <subfield code="b">UArtLib2</subfield>
    <subfield code="d">2026-04-29</subfield>
    <subfield code="g">3000.00</subfield>
    <subfield code="o">05:7/For.</subfield>
    <subfield code="p"> 3464</subfield>
    <subfield code="r">2026-04-29</subfield>
    <subfield code="w">2026-04-29</subfield>
    <subfield code="y">SER</subfield>
  </datafield>
</record>
